<?xml version="1.0" encoding="UTF-8"?>
<record
    xmlns:xsi="http://www.w3.org/2001/XMLSchema-instance"
    xsi:schemaLocation="http://www.loc.gov/MARC21/slim http://www.loc.gov/standards/marcxml/schema/MARC21slim.xsd"
    xmlns="http://www.loc.gov/MARC21/slim">

  <leader>00616cam a2200193 i 4500</leader>
  <datafield tag="040" ind1=" " ind2=" ">
    <subfield code="c">DLC</subfield>
  </datafield>
  <datafield tag="082" ind1=" " ind2=" ">
    <subfield code="a">631 AME 1983 A051 Or.</subfield>
  </datafield>
  <datafield tag="245" ind1="0" ind2="0">
    <subfield code="a">Alligator and amphibian monitoring on the Lake Apopka North Shore restoration area :</subfield>
    <subfield code="b">assessing organochlorine pesticide levels and potential biomonitors : final report /</subfield>
  </datafield>
  <datafield tag="300" ind1=" " ind2=" ">
    <subfield code="a">556 pages ;</subfield>
    <subfield code="c">28 cm.</subfield>
  </datafield>
  <datafield tag="490" ind1="0" ind2=" ">
    <subfield code="a">Special publication ;</subfield>
  </datafield>
  <datafield tag="500" ind1=" " ind2=" ">
    <subfield code="a">"May 15, 2010."</subfield>
  </datafield>
  <datafield tag="650" ind1=" " ind2="0">
    <subfield code="a">Water</subfield>
  </datafield>
  <datafield tag="650" ind1=" " ind2="0">
    <subfield code="a">Pesticides</subfield>
  </datafield>
  <datafield tag="650" ind1=" " ind2="0">
    <subfield code="a">Organochlorine compounds</subfield>
  </datafield>
  <datafield tag="650" ind1=" " ind2="0">
    <subfield code="a">Alligators</subfield>
  </datafield>
  <datafield tag="650" ind1=" " ind2="0">
    <subfield code="a">Amphibians</subfield>
  </datafield>
  <datafield tag="700" ind1="1" ind2=" ">
    <subfield code="a">Rauschenberger, Richard Heath,</subfield>
  </datafield>
  <datafield tag="942" ind1=" " ind2=" ">
    <subfield code="c">EK</subfield>
  </datafield>
  <datafield tag="999" ind1=" " ind2=" ">
    <subfield code="c">14450</subfield>
    <subfield code="d">14450</subfield>
  </datafield>
  <datafield tag="952" ind1=" " ind2=" ">
    <subfield code="0">0</subfield>
    <subfield code="1">0</subfield>
    <subfield code="4">0</subfield>
    <subfield code="6">631_000000000000000_AME_1983_A051_OR</subfield>
    <subfield code="7">0</subfield>
    <subfield code="9">66658</subfield>
    <subfield code="a">LBA</subfield>
    <subfield code="b">LBA</subfield>
    <subfield code="c">A051</subfield>
    <subfield code="d">2017-10-17</subfield>
    <subfield code="o">631 AME 1983 A051 Or.</subfield>
    <subfield code="p">A06609</subfield>
    <subfield code="r">2017-10-17</subfield>
    <subfield code="y">EK</subfield>
  </datafield>
  <datafield tag="952" ind1=" " ind2=" ">
    <subfield code="0">0</subfield>
    <subfield code="1">0</subfield>
    <subfield code="4">0</subfield>
    <subfield code="6">631_000000000000000_AME_1983_A051_OR</subfield>
    <subfield code="7">0</subfield>
    <subfield code="9">66659</subfield>
    <subfield code="a">LBA</subfield>
    <subfield code="b">LBA</subfield>
    <subfield code="c">A051</subfield>
    <subfield code="d">2017-10-17</subfield>
    <subfield code="o">631 AME 1983 A051 Or.</subfield>
    <subfield code="p">A06684</subfield>
    <subfield code="r">2017-10-17</subfield>
    <subfield code="y">EK</subfield>
  </datafield>
  <datafield tag="952" ind1=" " ind2=" ">
    <subfield code="0">0</subfield>
    <subfield code="1">0</subfield>
    <subfield code="4">0</subfield>
    <subfield code="6">631_000000000000000_AME_1983_A051_OR</subfield>
    <subfield code="7">0</subfield>
    <subfield code="9">66660</subfield>
    <subfield code="a">LBA</subfield>
    <subfield code="b">LBA</subfield>
    <subfield code="c">A051</subfield>
    <subfield code="d">2017-10-17</subfield>
    <subfield code="o">631 AME 1983 A051 Or.</subfield>
    <subfield code="p">A06839</subfield>
    <subfield code="r">2017-10-17</subfield>
    <subfield code="y">EK</subfield>
  </datafield>
  <datafield tag="952" ind1=" " ind2=" ">
    <subfield code="0">0</subfield>
    <subfield code="1">0</subfield>
    <subfield code="4">0</subfield>
    <subfield code="6">631_000000000000000_AME_1983_A051_OR</subfield>
    <subfield code="7">0</subfield>
    <subfield code="9">66661</subfield>
    <subfield code="a">LBA</subfield>
    <subfield code="b">LBA</subfield>
    <subfield code="c">A051</subfield>
    <subfield code="d">2017-10-17</subfield>
    <subfield code="o">631 AME 1983 A051 Or.</subfield>
    <subfield code="p">A06907</subfield>
    <subfield code="r">2017-10-17</subfield>
    <subfield code="y">EK</subfield>
  </datafield>
  <datafield tag="952" ind1=" " ind2=" ">
    <subfield code="0">0</subfield>
    <subfield code="1">0</subfield>
    <subfield code="4">0</subfield>
    <subfield code="6">631_000000000000000_AME_1983_A051_OR</subfield>
    <subfield code="7">0</subfield>
    <subfield code="9">66662</subfield>
    <subfield code="a">LBA</subfield>
    <subfield code="b">LBA</subfield>
    <subfield code="c">A051</subfield>
    <subfield code="d">2017-10-17</subfield>
    <subfield code="o">631 AME 1983 A051 Or.</subfield>
    <subfield code="p">A06548</subfield>
    <subfield code="r">2017-10-17</subfield>
    <subfield code="y">EK</subfield>
  </datafield>
  <datafield tag="952" ind1=" " ind2=" ">
    <subfield code="0">0</subfield>
    <subfield code="1">0</subfield>
    <subfield code="4">0</subfield>
    <subfield code="6">631_000000000000000_AME_1983_A051_OR</subfield>
    <subfield code="7">0</subfield>
    <subfield code="9">66663</subfield>
    <subfield code="a">LBA</subfield>
    <subfield code="b">LBA</subfield>
    <subfield code="c">A051</subfield>
    <subfield code="d">2017-10-17</subfield>
    <subfield code="o">631 AME 1983 A051 Or.</subfield>
    <subfield code="p">A06771</subfield>
    <subfield code="r">2017-10-17</subfield>
    <subfield code="y">EK</subfield>
  </datafield>
  <datafield tag="952" ind1=" " ind2=" ">
    <subfield code="0">0</subfield>
    <subfield code="1">0</subfield>
    <subfield code="4">0</subfield>
    <subfield code="6">631_000000000000000_AME_1983_A051_OR</subfield>
    <subfield code="7">0</subfield>
    <subfield code="9">66664</subfield>
    <subfield code="a">LBA</subfield>
    <subfield code="b">LBA</subfield>
    <subfield code="c">A051</subfield>
    <subfield code="d">2017-10-17</subfield>
    <subfield code="o">631 AME 1983 A051 Or.</subfield>
    <subfield code="p">A06462</subfield>
    <subfield code="r">2017-10-17</subfield>
    <subfield code="y">EK</subfield>
  </datafield>
</record>
